<?xml version="1.0" encoding="UTF-8"?><?xml-stylesheet type="text/xsl" href="static/style.xsl"?><OAI-PMH xmlns="http://www.openarchives.org/OAI/2.0/" xmlns:xsi="http://www.w3.org/2001/XMLSchema-instance" xsi:schemaLocation="http://www.openarchives.org/OAI/2.0/ http://www.openarchives.org/OAI/2.0/OAI-PMH.xsd"><responseDate>2026-04-14T08:12:06Z</responseDate><request verb="GetRecord" identifier="oai:www.recercat.cat:2072/464495" metadataPrefix="marc">https://recercat.cat/oai/request</request><GetRecord><record><header><identifier>oai:recercat.cat:2072/464495</identifier><datestamp>2024-11-04T04:42:02Z</datestamp><setSpec>com_2072_98</setSpec><setSpec>col_2072_378192</setSpec></header><metadata><record xmlns="http://www.loc.gov/MARC21/slim" xmlns:dcterms="http://purl.org/dc/terms/" xmlns:xsi="http://www.w3.org/2001/XMLSchema-instance" xmlns:doc="http://www.lyncode.com/xoai" xsi:schemaLocation="http://www.loc.gov/MARC21/slim http://www.loc.gov/standards/marcxml/schema/MARC21slim.xsd">
   <leader>00925njm 22002777a 4500</leader>
   <datafield ind2=" " ind1=" " tag="042">
      <subfield code="a">dc</subfield>
   </datafield>
   <datafield ind2=" " ind1=" " tag="720">
      <subfield code="a">Rain, Alicia Del Pilar</subfield>
      <subfield code="e">author</subfield>
   </datafield>
   <datafield ind2=" " ind1=" " tag="260">
      <subfield code="c">2021</subfield>
   </datafield>
   <datafield ind2=" " ind1=" " tag="520">
      <subfield code="a">La expresión de los prejuicios, en los últimos años, es más encubierta que manifiesta. Dicha expresión encubierta busca mantener las exclusiones sociales por razones de raza, clase y género. Algunas de las razones que las justifican responden a los contextos democráticos y a las sucesivas demandas por los derechos de los pueblos originarios en América Latina. En este contexto, el objetivo que nos propusimos en este artículo fue analizar comprensivamente las experiencias de prejuicios manifiestos y sutiles de mujeres mapuche en Chile, a través de las cuales dichas mujeres crean luchas antiracistas, anticlasistas y antipatriarcales. Por medio de una etnografía multisituada, con entrevistas en profundidad, damos cuenta de las experiencias de 20 mujeres de las regiones Metropolitana, Biobío, La Araucanía y Los Ríos. Los resultados nos muestran que el racismo manifiesto, y los prejuicios encubiertos, coexisten y varían de acuerdo a las condiciones sociales de las mujeres.</subfield>
   </datafield>
   <datafield ind2=" " ind1=" " tag="520">
      <subfield code="a">The expression of prejudice in recent years is more covert than overt. Such covert expression seeks to maintain social exclusions on the basis of race, class and gender. Some of the reasons that justify them respond to democratic contexts and the successive demands for the rights of native peoples in Latin America. In this context, the objective of this article is to comprehensively analyse the experiences of overt and subtle prejudices of mapuche women in Chile, through which these women create anti-racist, anti-classist and anti-patriarchal struggles. Through a multi-site ethnography, with in-depth interviews, we report on the experiences of 20 women from the Metropolitan, Biobío, La Araucanía and Los Ríos regions. The results show that overt racism and hidden prejudices coexist and vary according to women's social conditions.</subfield>
   </datafield>
   <datafield ind1="8" ind2=" " tag="024">
      <subfield code="a">http://hdl.handle.net/2072/464495</subfield>
   </datafield>
   <datafield tag="653" ind2=" " ind1=" ">
      <subfield code="a">Racismo</subfield>
   </datafield>
   <datafield tag="653" ind2=" " ind1=" ">
      <subfield code="a">Prejuicio</subfield>
   </datafield>
   <datafield tag="653" ind2=" " ind1=" ">
      <subfield code="a">Mujeres mapuche</subfield>
   </datafield>
   <datafield tag="653" ind2=" " ind1=" ">
      <subfield code="a">Luchas antiracistas</subfield>
   </datafield>
   <datafield tag="653" ind2=" " ind1=" ">
      <subfield code="a">Racism</subfield>
   </datafield>
   <datafield tag="653" ind2=" " ind1=" ">
      <subfield code="a">Perjudice</subfield>
   </datafield>
   <datafield tag="653" ind2=" " ind1=" ">
      <subfield code="a">Mapuche women</subfield>
   </datafield>
   <datafield tag="653" ind2=" " ind1=" ">
      <subfield code="a">Anti-racist struggles</subfield>
   </datafield>
   <datafield ind2="0" ind1="0" tag="245">
      <subfield code="a">Racismo y prejuicios encubiertos : las luchas antirracistas de mujeres mapuche en Chile</subfield>
   </datafield>
</record></metadata></record></GetRecord></OAI-PMH>